فصيح ا لنسا ں ، سيد جعفر ا ميرر ضو ی (حيا ت ا و ر ا د بی خد ما ت ) (Record no. 176413)

MARC details
000 -LEADER
fixed length control field 00750nam a22001937a 4500
005 - DATE AND TIME OF LATEST TRANSACTION
control field 20201221125312.0
010 ## - LCCN (DPL NO)
LC control number UR-10976
020 ## - INTERNATIONAL STANDARD BOOK NUMBER
Terms of availability 400.00
International Standard Book Number 9789389733785
035 ## - SYSTEM CONTROL NUMBER
System control number U-9531
037 ## - SOURCE OF ACQUISITION
Source of stock number/acquisition DBAD/PUB
082 ## - DEWEY DECIMAL CLASSIFICATION NUMBER
Classification number 921.8
100 ## - MAIN ENTRY--PERSONAL NAME
Fuller form of name سميہ تمکيں
245 ## - TITLE STATEMENT
Title فصيح ا لنسا ں ، سيد جعفر ا ميرر ضو ی (حيا ت ا و ر ا د بی خد ما ت )
Statement of responsibility, etc سميہ تمکيں
246 ## - VARYING FORM OF TITLE
Remainder of title Faseeh-Ul-Lisan Syed Jafar Ameer Rizvi ( Hayat-o-Adabi Khidmat) (Urdu)
Title proper/short title by Sumayya Tamkeen
260 ## - PUBLICATION, DISTRIBUTION, ETC. (IMPRINT)
Place of publication, distribution, etc N.Delhi
Name of publisher, distributor, etc Educational Publishing House
Date of publication, distribution, etc 2020 ء
270 ## - ADDRESS
Address D-1/16 Ansari Road,Darya Ganj,
City N.Delhi
Postal code 110002
Telephone number 45678285
Fax number -
300 ## - PHYSICAL DESCRIPTION
Extent 195 ص
Dimensions 22 Cm(Hb)
942 ## - ADDED ENTRY ELEMENTS (KOHA)
Source of classification or shelving scheme Dewey Decimal Classification
Item type Urdu Bks
Classification part 921.8
Call number suffix س م ی
Holdings
Withdrawn status Lost status Not for loan Collection code Home library Current library Date acquired Source of acquisition Cost, normal purchase price Full call number Barcode Copy number Cost, replacement price Koha item type
      Non-fiction D.B.Act.Division D.B.Act.Division 21/12/2020 DBAD/PUB 400.00 921.8 س م ی U-9531 1 400.00 Urdu Bks

© Delhi Public Library
Hit Counter
free hit counter